000 00572nam a22002177a 4500
001 34811
003 UA-OsUOA
005 20211014212741.0
007 ta
008 20051021b un ||||| |||| 00| 0 ukr d
040 _aUA-OsUOA
_brus
_cUA-OsUOA
_dUA-OsUOA
041 _arus
080 _a94(47+571)
090 _a94(47+571)
_bИ90
245 _aИсторический опыт трех российских революций
260 _aМ.
_bПолитиздат
_c1985
300 _a575 с.
650 7 _a94 Історія
_2UDC
942 _cBK
_2udc
955 _a2
999 _c321243
_d321243